| 000 | 00341nam a2200145Ia 4500 | ||
|---|---|---|---|
| 008 | 230312s9999||||xx |||||||||||||| ||und|| | ||
| 020 | _a0-6425-4149-3 | ||
| 082 |
_a720.19 _bGRA-T |
||
| 100 | _aGray;Anne | ||
| 245 | 0 | _aEdwardians secrets and desires | |
| 260 |
_aaustralia _c2004 |
||
| 300 | _a261 | ||
| 650 | _aArchitecture | ||
| 942 | _cBK | ||
| 999 |
_c11621 _d11621 |
||